Influences of organic manures and inorganic fertilizers on growth, yield and nutrient content of mungbean (BARI mung 5) / (Record no. 8788)

MARC details
000 -LEADER
fixed length control field 01045nam a22002537a 4500
001 - CONTROL NUMBER
control field BD-DhSAU 8788
003 - CONTROL NUMBER IDENTIFIER
control field BD-DhSAU
005 - DATE AND TIME OF LATEST TRANSACTION
control field 20181212103956.0
008 - FIXED-LENGTH DATA ELEMENTS--GENERAL INFORMATION
fixed length control field 150613b2011 bg a||||r|||| 000 0 eng d
040 ## - CATALOGING SOURCE
Original cataloging agency BD-DhSAU
082 ## - DEWEY DECIMAL CLASSIFICATION NUMBER
Edition number 22
Classification number 630.2
Item number R877
100 ## - MAIN ENTRY--PERSONAL NAME
Personal name Rupa, Womma Salma
Relator term Registration No. # 05-1659
245 ## - TITLE STATEMENT
Title Influences of organic manures and inorganic fertilizers on growth, yield and nutrient content of mungbean (BARI mung 5) /
Remainder of title MS thesis
Statement of responsibility, etc. by Womma Salma Rupa
260 ## - PUBLICATION, DISTRIBUTION, ETC. (IMPRINT)
Place of publication, distribution, etc. Sher-e- Bangla Agricultural University :
Name of publisher, distributor, etc. Department of Chemistry,
Date of publication, distribution, etc. 2011.
300 ## - PHYSICAL DESCRIPTION
Extent ix, 76 p. :
Other physical details ill. ;
Dimensions 30 cm.
500 ## - GENERAL NOTE
General note MS thesis of Department of Chemistry, Faculty of Agriculture, Sher-e-Bangla Agricultural University, Dhaka, Bangladesh <br/>
590 ## - Name of Cataloguer
Name of Cataloger joy
650 ## - SUBJECT ADDED ENTRY--TOPICAL TERM
Topical term or geographic name as entry element Chemistry.
650 ## - SUBJECT ADDED ENTRY--TOPICAL TERM
Topical term or geographic name as entry element Inorganic fertilizer
700 ## - ADDED ENTRY--PERSONAL NAME
Personal name Miah, Md. Shahjahan
Relator term Supervisor
700 ## - ADDED ENTRY--PERSONAL NAME
Personal name Begum, Rokeya
Relator term Co-Supervisor
856 ## - ELECTRONIC LOCATION AND ACCESS
Uniform Resource Identifier <a href="http://archive.saulibrary.edu.bd:8080/xmlui/handle/123456789/1940">http://archive.saulibrary.edu.bd:8080/xmlui/handle/123456789/1940</a>
942 ## - ADDED ENTRY ELEMENTS (KOHA)
Source of classification or shelving scheme Dewey Decimal Classification
Koha item type MS Level Thesis
Holdings
Withdrawn status Lost status Source of classification or shelving scheme Damaged status Not for loan Collection code Home library Branch Name Shelving location Date acquired Total Checkouts Full call number Barcode Date last seen Price effective from Koha item type
    Dewey Decimal Classification   Not For Loan Reference SAU Library SAU Library Reference 13/06/2015   630.2 R877 37740 13/06/2015 13/06/2015 MS Level Thesis